| 000 | 01856nam0a2200361 4500 | ||
|---|---|---|---|
| 001 | RU\NLR\BIBL_A\022526132 | ||
| 005 | 20260420043419.0 | ||
| 010 |
_a978-5-6050979-3-8 _9300 |
||
| 021 |
_aRU _bКН-П-25-012786 _9КН-П-25-1286 |
||
| 035 | _a(NLR Aleph) 022526132 | ||
| 090 |
_a13671791 _c13671791 |
||
| 100 | _a20250418d2024 u y0rusy50 ca | ||
| 101 | 0 | _arus | |
| 102 | _aRU | ||
| 105 | _aab||z|||001yy | ||
| 181 | 0 |
_ai3 _baxxe |
|
| 182 | 0 | _an | |
| 200 | 1 |
_aТара в описаниях путешественников, ученых, писателей и ее жителей (XVI - начало XX вв.) _eсборник _fТарская централизованная библиотечная система имени Л. Н. Чашечникова, Историко-краеведческий центр "Тарский уезд" _gсоставитель: В. Н. Носкова |
|
| 203 |
_aТекст _bвизуальный _cнепосредственный |
||
| 205 | _a2-е изд., перераб. и доп. | ||
| 210 |
_aОмск _cАмфора _d2024 |
||
| 215 |
_a397 с. _cил., карты _d21 |
||
| 320 | _aБиблиогр. в тексте | ||
| 320 | _aИмен. указ.: с. 378-395 | ||
| 607 |
_aТара, город (Омская область) _jИсточники и источниковедение _xИстория _91653063 _3RU\NLR\AUTH\661030474 |
||
| 686 | 1 | _aТ3(2Р-4Ом-2Т)0,01 | |
| 702 | 1 |
_aНоскова _bВ. Н. _gВера Николаевна _4220 |
|
| 712 | 0 | 2 |
_4570 _aТарская централизованная библиотечная система им. Л. Н. Чашечникова _92659501 _3RU\NLR\AUTH\880627133 |
| 942 | _cBOOK | ||
| 980 | _aNB | ||